Normal view MARC view
  • Supervisor Professor Dr. Farooque Azam

Entry Corporate Name

Number of records used in: 1

001 - CONTROL NUMBER

  • control field: 84335

003 - CONTROL NUMBER IDENTIFIER

  • control field: NUST

005 - DATE AND TIME OF LATEST TRANSACTION

  • control field: 20211117121341.0

008 - FIXED-LENGTH DATA ELEMENTS

  • fixed length control field: 211117|| aca||aabn | a|a d

040 ## - CATALOGING SOURCE

  • Original cataloging agency: NUST
  • Transcribing agency: NUST

110 ## - HEADING--CORPORATE NAME

  • Corporate name or jurisdiction name as entry element: Supervisor Professor Dr. Farooque Azam

670 ## - SOURCE DATA FOUND

  • Source citation: Work cat.: (NUST): Muhammad Waseem Anwar 84334, TH-SOF-1874-A Model Driven Framework with Assertion Based Verification Support for Embedded Systems Design Automation, 2021.
© 2023 Central Library, National University of Sciences and Technology. All Rights Reserved.